Valuation of owner occupied properties (Record no. 73602)

MARC details
000 -LEADER
fixed length control field 01108cam a2200205 4500
001 - CONTROL NUMBER
control field WB3939-16
008 - FIXED-LENGTH DATA ELEMENTS--GENERAL INFORMATION
fixed length control field 031016n2003 000 0 eng u
035 ## - SYSTEM CONTROL NUMBER
System control number (Sirsi) u123937
245 ## - TITLE STATEMENT
Title Valuation of owner occupied properties
260 ## - PUBLICATION, DISTRIBUTION, ETC.
Date of publication, distribution, etc. 2003
490 ## - SERIES STATEMENT
Series statement RICS European Alert
Volume/sequential designation October 2003, 4(1)
520 ## - SUMMARY, ETC.
Summary, etc. The International Valuation Standards Committee (IVSC) has issued a consultation paper on the proper valuation of owner occupied property under IAS 16 "Property, plant and equipment". The paper is available on the IVSC website, http://www.ivsc.org/pubs/index.html#exposure. Comments are invited in writing by 31 October 2003 to IVSC, 12 Great George Street, London SW1P 3AD, f +44 (0)1442 879306 or [email protected]. http://www.rics.org/ricscms/bin/show?class=Brief&template=/includes/showbrief.html&id=534
590 ## - LOCAL NOTE (RLIN)
Local note WB
650 ## - SUBJECT ADDED ENTRY--TOPICAL TERM
Topical term or geographic name entry element OWNER-OCCUPIED PROPERTIES
650 ## - SUBJECT ADDED ENTRY--TOPICAL TERM
Topical term or geographic name entry element PROPERTY ASSETS
650 ## - SUBJECT ADDED ENTRY--TOPICAL TERM
Topical term or geographic name entry element INTERNATIONAL FINANCIAL REPORTING STANDARDS
650 ## - SUBJECT ADDED ENTRY--TOPICAL TERM
Topical term or geographic name entry element INTERNATIONAL ACCOUNTING STANDARDS
690 ## - LOCAL SUBJECT ADDED ENTRY--TOPICAL TERM (OCLC, RLIN)
Topical term or geographic name as entry element VALUATION AND INVESTMENT APPRAISAL-COMMERCIAL
942 ## - ADDED ENTRY ELEMENTS (KOHA)
Suppress in OPAC 0
Holdings
Withdrawn status Lost status Source of classification or shelving scheme Damaged status Not for loan Home library Current library Shelving location Date acquired Total Checkouts Full call number Barcode Date last seen Copy number Price effective from Koha item type
    Dewey Decimal Classification     London London News article 16/10/2003   WB3939-16 123937-1001 06/08/2019 1 06/08/2019 News article